Statistiques concernant Les nombres en 15 secondes

Cliquez ici pour prendre le quiz!

Statistiques générales

  • Ce quiz a été pris 875 fois
  • Le résultat moyen est 24 sur 35

Statistiques - réponses

Nombre à taper Ce que vous avez tapé % Correct
11
100%
22
99%
33
97%
44
97%
55
97%
66
97%
77
96%
88
95%
99
94%
1010
88%
1212
88%
1111
87%
1313
85%
1414
84%
1515
84%
1616
81%
1717
78%
1818
77%
1919
75%
2020
67%
2121
67%
2222
63%
2323
58%
2424
57%
2525
53%
2626
50%
2727
47%
2828
44%
2929
40%
3030
32%
3131
30%
3232
27%
3333
20%
3434
17%
3535
14%

Distribution des résultats

Percentile par nombre de réponses

% des personnes avec chaque résultat

Votre développement - résultats

Vous n’avez pas pris ce quiz